00624nam a2200193Ia 4500008004100000020001800041082001600059100002000075245003300095250000700128260004100135300002900176500001900205600003300224650001200257942000700269952013700276999001700413240925s9999 xx 000 0 und d a9788131513996 a530.141 SHE aShen, Liang Chi 0aEngineering Electromagnetics aNA aNew Delhi:bCengage Learningc,2009. axviii,822p.b0fOriginal aIncludes Index aHumanities & Natural Science aPhysics cBK 001040708HUMaUITUbUITUd2015-01-23eParamount Book Pvt Ltdg150.00l0o530.141 SHEpQ10013r2024-09-25 07:15:33w2024-09-25yBK c12512d12512